| 000 | 00414nam a22001457a 4500 | ||
|---|---|---|---|
| 999 |
_c2399 _d2399 |
||
| 008 | 200228b ||||| |||| 00| 0 eng d | ||
| 082 | 0 | 0 |
_a533.7 _bJ438 |
| 100 |
_91971 _aJeans, James. |
||
| 245 | 1 | 0 |
_aAn introduction to the kinetic theory of gases _cby James. Jeans |
| 260 |
_aCambridge _bCambridge University Press _c1952 |
||
| 300 | _a311 p. | ||
| 365 | _d15.12 | ||
| 650 | 0 | _aKinetic Theory of Gases | |
| 942 | _cBK | ||